|
|
|
|
| LEADER |
00000cas a2200000 c 4500 |
| 001 |
196309204 |
| 003 |
DE-627 |
| 005 |
20230426071351.0 |
| 007 |
tu |
| 008 |
960423d19952000lu a| p| 0 |0ger c |
| 015 |
|
|
|a 97,B42,0273
|2 dnb
|
| 016 |
7 |
|
|a 018167497
|2 DE-101
|
| 016 |
7 |
|
|a 1312733-0
|2 DE-600
|
| 022 |
|
|
|a 1681-2913
|
| 035 |
|
|
|a (DE-627)196309204
|
| 035 |
|
|
|a (DE-576)052937267
|
| 035 |
|
|
|a (DE-599)ZDB1312733-0
|
| 035 |
|
|
|a (OCoLC)1367982385
|
| 035 |
|
|
|a (DE-615)00250521
|
| 040 |
|
|
|a DE-627
|b ger
|c DE-627
|e rakwb
|
| 041 |
|
|
|a ger
|
| 044 |
|
|
|c XA-LU
|
| 082 |
0 |
4 |
|a 340
|q DE-101
|
| 082 |
0 |
4 |
|a 340
|a 320
|q DE-600
|
| 245 |
0 |
0 |
|a Schutz der finanziellen Interessen der Gemeinschaft, Betrugsbekämpfung
|p Jahresbericht
|c Europäische Kommission
|
| 246 |
1 |
|
|i Ansetzungssachtitel
|a Schutz der finanziellen Interessen der Gemeinschaft, Betrugsbekämpfung / Jahresbericht
|
| 246 |
1 |
|
|i Nebent.:
|a Betrugsbekämpfung
|
| 264 |
3 |
1 |
|a Luxemburg
|b Amt für Amtl. Veröff. der Europ. Gemeinschaften
|c 1995-2000
|
| 336 |
|
|
|a Text
|b txt
|2 rdacontent
|
| 337 |
|
|
|a ohne Hilfsmittel zu benutzen
|b n
|2 rdamedia
|
| 338 |
|
|
|a Band
|b nc
|2 rdacarrier
|
| 362 |
0 |
|
|a 1994(1995) - 1998(2000)
|
| 363 |
0 |
0 |
|i 1994
|
| 363 |
1 |
0 |
|i 1998
|
| 591 |
|
|
|a 89!(25-04-03)
|
| 610 |
2 |
0 |
|a Europäische Union
|
| 655 |
|
7 |
|a Zeitschrift
|0 (DE-588)4067488-5
|0 (DE-627)10454466X
|0 (DE-576)20917000X
|2 gnd-content
|
| 689 |
0 |
0 |
|d b
|0 (DE-588)5098525-5
|0 (DE-627)132918269
|0 (DE-576)194702391
|a Europäische Union
|2 gnd
|
| 689 |
0 |
1 |
|d s
|0 (DE-588)4006249-1
|0 (DE-627)106378236
|0 (DE-576)208864784
|a Betrug
|2 gnd
|
| 689 |
0 |
2 |
|d s
|0 (DE-588)4112701-8
|0 (DE-627)104321679
|0 (DE-576)209470127
|a Bekämpfung
|2 gnd
|
| 689 |
0 |
3 |
|d s
|0 (DE-588)4048737-4
|0 (DE-627)106189719
|0 (DE-576)20907907X
|a Recht
|2 gnd
|
| 689 |
0 |
|
|5 DE-101
|
| 710 |
2 |
|
|a Europäische Kommission
|e Herausgebendes Organ
|0 (DE-588)1024466-9
|0 (DE-627)103558179
|0 (DE-576)191279862
|4 isb
|
| 938 |
1 |
0 |
|0 (DE-627)132918269
|0 (DE-588)5098525-5
|a Europäische Union
|2 gnd
|2 fivt
|
| 938 |
1 |
0 |
|0 (DE-627)1756226644
|0 (DE-615)6605237
|a Öffentliche Finanzpolitik
|2 fivt
|
| 938 |
1 |
0 |
|0 (DE-627)1756193843
|0 (DE-615)6608900
|a Korruption
|2 fivt
|
| 938 |
1 |
0 |
|0 (DE-627)1756185786
|0 (DE-615)6606832
|a Kriminalität
|2 fivt
|
| 938 |
1 |
0 |
|0 (DE-627)1756230714
|0 (DE-615)6607885
|a Öffentliche Haushaltspolitik
|2 fivt
|
| 938 |
1 |
0 |
|0 (DE-627)1756137129
|0 (DE-615)6604586
|a Aufsichtsgremium/-institution
|2 fivt
|
| 938 |
1 |
0 |
|0 (DE-627)1756240256
|0 (DE-615)6604727
|a Kontrolle/Überwachung
|2 fivt
|
| 938 |
1 |
0 |
|0 (DE-627)1756188246
|0 (DE-615)6605275
|a Strafverfolgung
|2 fivt
|
| 938 |
1 |
0 |
|0 (DE-627)1756193339
|0 (DE-615)6609041
|a Wirtschaftskriminalität
|2 fivt
|
| 951 |
|
|
|a JT
|
| ELC |
|
|
|b 1
|
| LOK |
|
|
|0 000 xxxxxcy a22 3n 4500
|
| LOK |
|
|
|0 001 2284328849
|
| LOK |
|
|
|0 003 DE-627
|
| LOK |
|
|
|0 004 196309204
|
| LOK |
|
|
|0 005 20031122000000
|
| LOK |
|
|
|0 008 961115||||||||||||||||ger|||||||
|
| LOK |
|
|
|0 035
|a (DE-600)050371177
|
| LOK |
|
|
|0 040
|a DE-21
|c DE-627
|d DE-21
|
| LOK |
|
|
|0 852
|8 1
|
| LOK |
|
|
|0 852
|a DE-21
|
| LOK |
|
|
|0 852 1
|c ZB 4446
|9 00
|
| LOK |
|
|
|0 85900
|8 1.1
|i 1995
|
| LOK |
|
|
|0 85910
|8 1.2
|i 1998
|
| LOK |
|
|
|0 86630
|a 1995(1996) - 1998(2000)
|
| LOK |
|
|
|0 939
|a 15-11-96
|b z01
|
| ORI |
|
|
|a SA-MARC-krimdokb001.raw
|
| SPR |
|
|
|a 1
|t KRI
|
| TIM |
|
|
|a 100019931101_100020261231
|b 1993-11-01 - 2026
|